Approximate methods for solution of differential and integral equations, / (Record no. 28790)
[ view plain ]
| 000 -LEADER | |
|---|---|
| fixed length control field | 00556 a2200157 4500 |
| 003 - CONTROL NUMBER IDENTIFIER | |
| control field | NUST |
| 005 - DATE AND TIME OF LATEST TRANSACTION | |
| control field | 20180117115159.0 |
| 008 - FIXED-LENGTH DATA ELEMENTS--GENERAL INFORMATION | |
| fixed length control field | 180117b xxu||||| |||| 00| 0 eng d |
| 010 ## - LIBRARY OF CONGRESS CONTROL NUMBER | |
| LC control number | 67-22421 |
| 040 ## - CATALOGING SOURCE | |
| Transcribing agency | NUST |
| 082 ## - DEWEY DECIMAL CLASSIFICATION NUMBER | |
| Classification number | 530.15 |
| 100 1# - MAIN ENTRY--PERSONAL NAME | |
| Personal name | Mikhlin, S. G. |
| 9 (RLIN) | 8539 |
| 245 10 - TITLE STATEMENT | |
| Title | Approximate methods for solution of differential and integral equations, / |
| Statement of responsibility, etc. | S. G Mikhlin. |
| 260 ## - PUBLICATION, DISTRIBUTION, ETC. | |
| Place of publication, distribution, etc. | [S.l.] : |
| Name of publisher, distributor, etc. | American Elsevier Pub. Co, |
| Date of publication, distribution, etc. | 1967. |
| 300 ## - PHYSICAL DESCRIPTION | |
| Extent | 308 p. |
| 490 1# - SERIES STATEMENT | |
| Series statement | Modern analytic and computational methods in science and mathematics. |
| 830 #0 - SERIES ADDED ENTRY--UNIFORM TITLE | |
| Uniform title | Modern analytic and computational methods in science and mathematics. |
| 9 (RLIN) | 8540 |
| 942 ## - ADDED ENTRY ELEMENTS (KOHA) | |
| Institution code [OBSOLETE] | SNS |
| Koha item type | Book |
| Call number prefix | 530.15 MIK |
| Source of classification or shelving scheme | |
| Withdrawn status | Lost status | Damaged status | Not for loan | Permanent Location | Current Location | Date acquired | Total Checkouts | Full call number | Barcode | Date last seen | Price effective from | Koha item type |
|---|---|---|---|---|---|---|---|---|---|---|---|---|
| School of Natural Sciences (SNS) | School of Natural Sciences (SNS) | 05/26/2016 | 530.15 MIK | SNS0000047 | 05/26/2016 | 05/26/2016 | Book |
